Giải pháp nâng cao hiệu quả hoạt động Xí nghiệp Tổng kho Xăng dầu Miền Đông : Luận văn thạc sĩ - Chuyên ngành: Quản trị kinh doanh

Guardat en:
Dades bibliogràfiques
Autors principals:  Đinh, Ngọc Trung,  Giải pháp nâng cao hiệu quả hoạt động Xí nghiệp Tổng kho Xăng dầu Miền Đông : Luận văn thạc sĩ - Chuyên ngành: Quản trị kinh doanh
Format: Luận văn
Idioma:Undetermined
Publicat:  Đại học Công nghiệp TP. Hồ Chí Minh  2023
Matèries:
Etiquetes: Afegir etiqueta
Sense etiquetes, Sigues el primer a etiquetar aquest registre!
Thư viện lưu trữ: Trung tâm Thư viện - Trường Đại học Công nghiệp TP. Hồ Chí Minh
LEADER 00855nam a2200157Ia 4500
001 UIH_08478
008 241002s9999 xx 000 0 und d
082 |a  658 
100 |a  Đinh, Ngọc Trung 
100 |a  Giải pháp nâng cao hiệu quả hoạt động Xí nghiệp Tổng kho Xăng dầu Miền Đông : Luận văn thạc sĩ - Chuyên ngành: Quản trị kinh doanh 
245 0 |a  Giải pháp nâng cao hiệu quả hoạt động Xí nghiệp Tổng kho Xăng dầu Miền Đông : Luận văn thạc sĩ - Chuyên ngành: Quản trị kinh doanh 
260 |b  Đại học Công nghiệp TP. Hồ Chí Minh 
260 |c  2023 
650 |a Quản trị kinh doanh 
927 |a Luận văn 
980 |a Trung tâm Thư viện - Trường Đại học Công nghiệp TP. Hồ Chí Minh